| 000 | 01291nam a2200301 a 4500 | ||
|---|---|---|---|
| 001 | 000028659 | ||
| 003 | DO-SdBNP | ||
| 005 | 20240312192125.0 | ||
| 008 | 110411s2010 dr ao r 000 0 spa d | ||
| 020 | _a9789945443622 | ||
| 040 |
_aDO-SdBNP _bspa _cBNPHU |
||
| 082 | 4 |
_a737.074 _bB213e _222 |
|
| 110 | 1 |
_aBanco Central de la República Dominicana _bDepartamento Cultural _97006 |
|
| 245 | 1 | 0 |
_aExposiciones temporales en el Museo Numismático y Filatélico / _cpresentacin Héctor Valdez Albizu. |
| 260 |
_aSanto Domingo : _bBanco Central de la República Dominicana, _c2010. |
||
| 300 |
_a399 p. : _bil., retrs. _c23 cm. |
||
| 490 |
_aBanco Central de la República Dominicana ; _v159 |
||
| 490 |
_aNumismática y filatélica ; _v12 |
||
| 500 | _aIncluye referencias bibliográficas y notas al pie de las páginas | ||
| 504 | _aBibliografía : p. 399 | ||
| 590 | _aInventariado, 2021/MFF | ||
| 610 | 2 | 0 |
_aMuseo Numismático y Filatélico del Banco Central (Banco Central de la República Dominicana) _956846 |
| 650 | 4 |
_aNumismática _vExposiciones _978519 |
|
| 650 | 4 |
_aSellos postales _vExposiciones _978520 |
|
| 830 | 0 |
_aBanco Central de la República Dominicana ; _n159 _pNumismática y filatélica; 12 _955625 |
|
| 900 | _aValidado. Control de calidad MFF | ||
| 942 |
_2ddc _cLBS1 |
||
| 999 |
_c28151 _d28151 |
||